Normal view
MARC view
- McGeary J
Entry Personal Name
001 - CONTROL NUMBER
- control field: 196080
003 - CONTROL NUMBER IDENTIFIER
- control field: OSt
005 - DATE AND TIME OF LATEST TRANSACTION
- control field: 20230714214849.0
008 - FIXED-LENGTH DATA ELEMENTS
- fixed length control field: 230714|| aca||aabn | a|a d
040 ## - CATALOGING SOURCE
- Original cataloging agency: OSt
- Transcribing agency: OSt
100 ## - HEADING--PERSONAL NAME
- Personal name: McGeary J
670 ## - SOURCE DATA FOUND
- Source citation: Work cat.: (OSt)211911: McGeary J., The Words Of Gandhi, 2000